[Event "Guernsey op 42nd"]
[Site "Vale"]
[Date "2016.10.20"]
[Round "5"]
[White "Taylor, Mark V"]
[Black "Markering, Martin"]
[Result "1/2-1/2"]
[WhiteElo "2031"]
[BlackElo "1922"]
[PlyCount "54"]
[EventDate "2016.10.16"]
[EventType "swiss"]
[EventRounds "7"]
[EventCountry "GCI"]
[SourceTitle "CBM 175 Extra"]
[Source "ChessBase"]
[SourceDate "2016.12.12"]
[SourceVersion "1"]
[SourceVersionDate "2016.12.12"]
[SourceQuality "1"]

1. d4 Nf6 2. c4 c5 3. d5 b5 4. cxb5 a6 5. b6 Qxb6 6. Nc3 g6 7. Nf3 Bg7 8. e4 d6 9. Nd2 Nbd7 10. a4 0-0 11. a5 Qb4 12. Ra4 Qb7 13. Nc4 h6 14. Be2 Ne8 15. 0-0 Nc7 16. Ra3 Nb5 17. Rb3 Nxc3 18. bxc3 Qc7 19. Bf4 Rb8 20. Rxb8 Qxb8 21. Qc2 Qa7 22. Rb1 Nf6 23. h3 Nxe4 24. Rb3 Nf6 25. Qd2 Kh7 26. Nb6 Nd7 27. g4 Nxb6 1/2-1/2

[Event "Guernsey op 42nd"]
[Site "Vale"]
[Date "2016.10.19"]
[Round "4"]
[White "Markering, Martin"]
[Black "Hawkins, James Nick"]
[Result "1/2-1/2"]
[WhiteElo "1922"]
[BlackElo "1944"]
[PlyCount "36"]
[EventDate "2016.10.16"]
[EventType "swiss"]
[EventRounds "7"]
[EventCountry "GCI"]
[SourceTitle "CBM 175 Extra"]
[Source "ChessBase"]
[SourceDate "2016.12.12"]
[SourceVersion "1"]
[SourceVersionDate "2016.12.12"]
[SourceQuality "1"]

1. d4 Nf6 2. Bg5 d5 3. Nf3 e6 4. e3 Be7 5. c4 Nbd7 6. Nc3 0-0 7. Be2 c6 8. 0-0 Ne4 9. Bxe7 Qxe7 10. Nxe4 dxe4 11. Nd2 f5 12. f3 Qg5 13. f4 Qe7 14. c5 Nf6 15. Nc4 Nd5 16. Qd2 b6 17. cxb6 axb6 18. Ne5 c5 1/2-1/2

[Event "Guernsey op 42nd"]
[Site "Vale"]
[Date "2016.10.18"]
[Round "3"]
[White "Dilleigh, Stephen P"]
[Black "Markering, Martin"]
[Result "1-0"]
[WhiteElo "2004"]
[BlackElo "1922"]
[PlyCount "71"]
[EventDate "2016.10.16"]
[EventType "swiss"]
[EventRounds "7"]
[EventCountry "GCI"]
[SourceTitle "CBM 175 Extra"]
[Source "ChessBase"]
[SourceDate "2016.12.12"]
[SourceVersion "1"]
[SourceVersionDate "2016.12.12"]
[SourceQuality "1"]

1. Nf3 Nf6 2. c4 g6 3. Nc3 c6 4. d4 d5 5. cxd5 cxd5 6. Bf4 Qa5 7. e3 a6 8. Bd3 Nc6 9. 0-0 Bg7 10. h3 0-0 11. a3 b5 12. b4 Qd8 13. Qb3 Bb7 14. a4 a5 15. axb5 Nxb4 16. Be2 Nd7 17. Rfc1 Re8 18. Na4 e5 19. dxe5 Nxe5 20. Nxe5 Bxe5 21. Bxe5 Rxe5 22. Nc5 Bc8 23. Qc3 Re8 24. Qd4 Bf5 25. Bf3 Rb8 26. g4 Be6 27. Be2 Bc8 28. Ra4 Ra8 29. Rb1 Be6 30. Nd3 Nxd3 31. Bxd3 Qh4 32. Kg2 h5 33. Be2 Reb8 34. b6 Qd8 35. b7 hxg4 36. hxg4 1-0